El poder de la palabra (Registro nro. 36955)

Detalles MARC
000 -CABECERA
Longitud fija campo de control 00840nam a2200241 b 4500
003 - • IDENTIFICADOR DELl NÚMERO DE CONTROL
Identificador del número de control CO-ViMGA
005 - • FECHA Y HORA DE LA ÚLTIMA TRANSACCIÓN
Fecha y hora de la última transacción 20230915233556.0
008 - • CÓDIGOS DE INFORMACIÓN DE LONGITUD FIJA
Códigos de información de longitud fija 030919s2003 sp | ||| ||spa
020 ## - • NÚMERO INTERNACIONAL NORMALIZADO PARA LIBROS
Número Internacional Normalizado para Libros (ISBN) 9788479535193
040 ## - FUENTE DE LA CATALOGACIÓN
Centro catalogador de origen CO-ViMGA
Lengua de catalogación spa
Centro transcriptor CO-ViMGA
041 1# - • CÓDIGO DE LENGUA
Código de lengua original eng
082 04 - • NÚMERO DE LA CLASIFICACIÓN DECIMAL DEWEY
Número de clasificación (R) 658.409
Número del ítem D34p
100 1# - • PUNTO DE ACCESO PRINCIPAL-NOMBRE DE PERSONA
Nombre de persona Dilts, Robert
240 10 - • TÍTULO UNIFORME
Título uniforme <a href="Sleight of mouth">Sleight of mouth</a>
245 13 - • TITULO PROPIAMENTE DICHO
Título El poder de la palabra
Medio [Texto impreso] :
Resto del título la magia del cambio de creencias a traves de la conversacion
Mención de responsabilidad, etc. Robert Dilts ; [traduccion y actualizacion del glosario, David Sempau]
300 ## - • DESCRIPCI&Oacute;N F&Iacute;SICA
Extensión 381 p.
Otras características físicas il., grf.
Dimensiones 22 cm
500 ## - • NOTA GENERAL
Nota general "PNL, Programacion Neurolingustica"--Cub.
504 ## - • NOTA DE BIBLIOGRAF&Iacute;A, ETC
Nota de bibliografía, etc. Bibliografia: p. [335]-337
650 17 - • PUNTO DE ACCESO ADICIONAL DE MATERIA - T&Eacute;RMINO DE MATERIA
Término de materia o nombre geográfico como elemento inicial Programacion neurolingustica
Fuente del encabezamiento o término embne
942 ## - ENTRADA DE ELEMENTOS AGREGADOS (KOHA)
Fuente de clasificaión o esquema Dewey Decimal Classification
Existencias
Perdido Fuente de clasificaci&oacute;n o esquema Estado Físico No para pr&eacute;stamo Forma de adquisición Localizaci&oacute;n permanente Localizaci&oacute;n actual Fecha adquisici&oacute;n Pr&eacute;stamos totales Signatura completa C&oacute;digo de barras Fecha &uacute;ltima consulta Fecha &uacute;ltimo pr&eacute;stamo N&uacute;mero de copia Fecha del precio de reemplazo Tipo de item de Koha
  Dewey Decimal Classification     Sala Especializada Tercer Piso Biblioteca Pública Germán Arciniegas - Villavicencio Biblioteca Pública Germán Arciniegas - Villavicencio 02/14/2018 1 658.409 D34p 031281 02/27/2018 02/22/2018 1 02/14/2018 LIbro









Instituto Departamental de Cultura del Meta - Red Departamental de Bibliotecas Públicas del Meta.